书目信息 |
| 题名: |
整数
|
|
| 作者: | ;中国数学会上海分会中学数学研究会 编 | |
| 分册: | ||
| 出版信息: | 上海 新知识出版社 1956 |
|
| 页数: | 64页 | |
| 开本: | 20cm | |
| 丛书名: | ||
| 单 册: | ||
| 中图分类: | O121.1 | |
| 科图分类: | ||
| 主题词: | 初等数学 | |
| 电子资源: | ||
| ISBN: | ||
| 000 | 00631nam0 2200181 450 | |
| 001 | 0656876856 | |
| 005 | 20060425154955.43 | |
| 010 | @dCNY0.20 | |
| 100 | @a20060425d1956 km y0chiy0120 ea | |
| 101 | 0 | @achi |
| 200 | 1 | @a整数@Azheng shu@f中国数学会上海分会中学数学研究会编@Fzhong guo shu xue hui shang hai fen hui zhong xue shu xue yan jiu hui bian |
| 210 | @a上海@c新知识出版社@d1956 | |
| 215 | 1 | @a64页@d20cm |
| 606 | 0 | @a初等数学 |
| 690 | @aO121.1@v4 | |
| 711 | 0 | @a中国数学会上海分会中学数学研究会@Azhong guo shu xue hui shang hai fen hui zhong xue shu xue yan jiu hui@4编 |
| 801 | 0 | @aCN@bPFT@c20060425 |
| 905 | @a10447@dO121.1@e29 | |
| 整数/中国数学会上海分会中学数学研究会编.-上海:新知识出版社,1956 |
| 64页;20cm |
| ISBN :CNY0.20 |
| ● |
| 相关链接 |
|
|
|
|
正题名:整数
索取号:O121.1/29
 
预约/预借
| 序号 | 登录号 | 条形码 | 馆藏地/架位号 | 状态 | 备注 |
| 1 | 0007778 | 202270023 | 密集书库/ [索取号:O121.1/29] | 在馆 |